Technical editing /
Gespeichert in:
| 1. Verfasser: | |
|---|---|
| Weitere Verfasser: | |
| Format: | Buch |
| Sprache: | Englisch |
| Veröffentlicht: |
New York :
Pearson Longman ,
c2006.
|
| Ausgabe: | 4th ed. |
| Schlagworte: | |
| Tags: |
Keine Tags, Fügen Sie das erste Tag hinzu!
|
MARC
| LEADER | 00000cam a22000002 4500 | ||
|---|---|---|---|
| 001 | 0000000949 | ||
| 003 | KE-NaDUL | ||
| 005 | 20220930020007.0 | ||
| 008 | 080130s xx 000 0 eng d | ||
| 952 | |0 0 |1 0 |4 0 |6 T_11_400000000000000_R83 |7 0 |9 103808 |a DUA |b DUA |c TBL |d 2017-09-28 |g 2008.00 |l 0 |o TBL T11.4.R83 |p BK060871 |r 2017-09-28 00:00:00 |t c.1 |w 2017-09-28 |y TBL | ||
| 952 | |0 0 |1 0 |4 0 |6 T_11_400000000000000_R83 |7 0 |9 103809 |a DUA |b DUA |c TBL |d 2017-09-28 |g 2008.00 |l 0 |o TBL T11.4.R83 |p BK060863 |r 2017-09-28 00:00:00 |t c.10 |w 2017-09-28 |y TBL | ||
| 952 | |0 0 |1 0 |4 0 |6 T_11_400000000000000_R83 |7 0 |9 103810 |a DUA |b DUN |c TBL |d 2017-09-28 |g 2008.00 |l 1 |o TBL T11.4.R83 |p BK060890 |r 2022-12-14 00:00:00 |s 2022-09-29 |t c.2 |w 2017-09-28 |y TBL | ||
| 952 | |0 0 |1 0 |4 0 |6 T_11_400000000000000_R83 |7 0 |9 103811 |a DUA |b DUA |c TBL |d 2017-09-28 |g 2008.00 |l 0 |o TBL T11.4.R83 |p BK060887 |r 2017-09-28 00:00:00 |t c.3 |w 2017-09-28 |y TBL | ||
| 952 | |0 0 |1 0 |4 0 |6 T_11_400000000000000_R83 |7 0 |9 103812 |a DUA |b DUA |c TBL |d 2017-09-28 |g 2008.00 |l 0 |o TBL T11.4.R83 |p BK060874 |r 2017-09-28 00:00:00 |t c.4 |w 2017-09-28 |y TBL | ||
| 952 | |0 0 |1 0 |4 0 |6 T_11_400000000000000_R83 |7 0 |9 103813 |a DUA |b DUA |c TBL |d 2017-09-28 |g 2008.00 |l 0 |o TBL T11.4.R83 |p BK060880 |r 2017-09-28 00:00:00 |t c.5 |w 2017-09-28 |y TBL | ||
| 952 | |0 0 |1 0 |4 0 |6 T_11_400000000000000_R83 |7 0 |9 103814 |a DUA |b DUA |c TBL |d 2017-09-28 |g 2008.00 |l 0 |o TBL T11.4.R83 |p BK060868 |r 2017-09-28 00:00:00 |t c.6 |w 2017-09-28 |y TBL | ||
| 952 | |0 0 |1 0 |4 0 |6 T_11_400000000000000_R83 |7 0 |9 103815 |a DUA |b DUA |c TBL |d 2017-09-28 |g 2008.00 |l 0 |o TBL T11.4.R83 |p BK060886 |r 2017-09-28 00:00:00 |t c.7 |w 2017-09-28 |y TBL | ||
| 952 | |0 0 |1 0 |4 0 |6 T_11_400000000000000_R83 |7 0 |9 103816 |a DUA |b DUA |c TBL |d 2017-09-28 |g 2008.00 |l 0 |o TBL T11.4.R83 |p BK060862 |r 2017-09-28 00:00:00 |t c.8 |w 2017-09-28 |y TBL | ||
| 952 | |0 0 |1 0 |4 0 |6 T_11_400000000000000_R83 |7 0 |9 103817 |a DUA |b DUA |c TBL |d 2017-09-28 |g 2008.00 |l 0 |o TBL T11.4.R83 |p BK060831 |r 2017-09-28 00:00:00 |t c.9 |w 2017-09-28 |y TBL | ||
| 952 | |0 0 |1 0 |4 0 |6 T_11_400000000000000_R83 |7 0 |9 103818 |a DUN |b DUN |c TBL |d 2017-09-28 |g 2008.00 |l 0 |o TBL T11.4.R83 |p BK060875 |r 2017-09-28 00:00:00 |t c.11 |w 2017-09-28 |y TBL | ||
| 952 | |0 0 |1 0 |4 0 |6 T_11_400000000000000_R83 |7 0 |9 103819 |a DUN |b DUN |c TBL |d 2017-09-28 |g 2008.00 |l 1 |o TBL T11.4.R83 |p BK060866 |r 2018-12-19 00:00:00 |s 2018-09-07 |t c.12 |w 2017-09-28 |y TBL | ||
| 952 | |0 0 |1 0 |4 0 |6 T_11_400000000000000_R83 |7 0 |9 103820 |a DUN |b DUN |c TBL |d 2017-09-28 |g 2008.00 |l 1 |o TBL T11.4.R83 |p BK060869 |r 2023-10-06 17:15:31 |s 2023-06-02 |t c.13 |w 2017-09-28 |y TBL | ||
| 952 | |0 0 |1 0 |4 0 |6 T_11_400000000000000_R83 |7 0 |9 103821 |a DUN |b DUN |c TBL |d 2017-09-28 |g 2008.00 |l 1 |o TBL T11.4.R83 |p BK060872 |r 2018-12-21 00:00:00 |s 2018-09-13 |t c.14 |w 2017-09-28 |y TBL | ||
| 952 | |0 0 |1 0 |4 0 |6 T_11_400000000000000_R83 |7 0 |9 103822 |a DUN |b DUN |c TBL |d 2017-09-28 |g 2008.00 |l 1 |o TBL T11.4.R83 |p BK060877 |r 2018-12-07 00:00:00 |s 2018-09-08 |t c.15 |w 2017-09-28 |y TBL | ||
| 952 | |0 0 |1 0 |4 0 |6 T_11_400000000000000_R83 |7 0 |9 103823 |a DUN |b DUN |c TBL |d 2017-09-28 |g 2008.00 |l 1 |o TBL T11.4.R83 |p BK060865 |q 2023-12-22 |r 2023-09-25 14:35:23 |s 2023-09-25 |t c.16 |w 2017-09-28 |y TBL | ||
| 952 | |0 0 |1 0 |4 0 |6 T_11_400000000000000_R83 |7 0 |9 103824 |a DUN |b DUN |c TBL |d 2017-09-28 |g 2008.00 |l 0 |o TBL T11.4.R83 |p BK060883 |r 2017-09-28 00:00:00 |t c.17 |w 2017-09-28 |y TBL | ||
| 952 | |0 0 |1 0 |4 0 |6 T_11_400000000000000_R83 |7 0 |9 103825 |a DUN |b DUN |c TBL |d 2017-09-28 |g 2008.00 |l 0 |o TBL T11.4.R83 |p BK060800 |r 2017-09-28 00:00:00 |t c.18 |w 2017-09-28 |y TBL | ||
| 952 | |0 0 |1 0 |4 0 |6 T_11_400000000000000_R83 |7 0 |9 103826 |a DUN |b DUN |c TBL |d 2017-09-28 |g 2008.00 |l 0 |o TBL T11.4.R83 |p BK060794 |r 2017-09-28 00:00:00 |t c.19 |w 2017-09-28 |y TBL | ||
| 952 | |0 0 |1 0 |4 0 |6 T_11_400000000000000_R83 |7 0 |9 103827 |a DUN |b DUN |c TBL |d 2017-09-28 |g 2008.00 |l 1 |o TBL T11.4.R83 |p BK060838 |r 2021-09-08 00:00:00 |s 2021-07-02 |t c.20 |w 2017-09-28 |y TBL | ||
| 999 | |c 42634 |d 42634 | ||
| 020 | |a 032133082X : |c ksh. 5,073.76 | ||
| 035 | |a (Daystar)0000041813 | ||
| 040 | |a Daystar |d Poriedo |c DUL | ||
| 100 | 1 | |a Rude, Carolyn D. |9 8841 | |
| 245 | 1 | 0 | |a Technical editing / |c by Carolyn D. Rude. |
| 250 | |a 4th ed. | ||
| 260 | |a New York : |b Pearson Longman , |c c2006. | ||
| 300 | |a xx, 476 p. : |b ill. | ||
| 504 | |a Includes bibliographical references and index. | ||
| 650 | 0 | |a Technical editing. |9 8842 | |
| 700 | 1 | |a Dayton, David and Maylath, Bruce. |9 8843 | |
| 908 | |a 110119 | ||
| 942 | |c TBL |0 4 |2 lcc | ||